ARRUPE JESUIT UNIVERSITY

CORONAVIRUS -STOP THE SPREAD - CLEAN,DISINFECT,COVER

The Nandi of Kenya : (Record no. 123043)

MARC details
000 -LEADER
fixed length control field 00989cam a2200301 i 4500
001 - CONTROL NUMBER
control field 72972
003 - CONTROL NUMBER IDENTIFIER
control field ARRUPE
005 - DATE AND TIME OF LATEST TRANSACTION
control field 20150807122604.0
008 - FIXED-LENGTH DATA ELEMENTS--GENERAL INFORMATION
fixed length control field 820413s1979 enkabf b 001 0 eng d
020 ## - INTERNATIONAL STANDARD BOOK NUMBER
International Standard Book Number 0905838262
035 ## - SYSTEM CONTROL NUMBER
System control number (OCoLC)5154169
035 ## - SYSTEM CONTROL NUMBER
System control number (OCoLC)ocm05154169
035 ## - SYSTEM CONTROL NUMBER
System control number (CStRLIN)NYCG82-B15767
035 ## - SYSTEM CONTROL NUMBER
System control number (NNC)72972
040 ## - CATALOGING SOURCE
Original cataloging agency UPB
Transcribing agency UPB
043 ## - GEOGRAPHIC AREA CODE
Geographic area code f-ke---
090 ## - LOCALLY ASSIGNED LC-TYPE CALL NUMBER (OCLC); LOCAL CALL NUMBER (OCLC)
Classification number (OCLC) (R) ; Classification number, CALL (RLIN) (NR) DT433.542
Local cutter number (OCLC) ; Book number/undivided call number, CALL (RLIN) .L372 1979b
300 ## - PHYSICAL DESCRIPTION
Other physical details ill., maps ;
Dimensions 23 cm.
100 1# - MAIN ENTRY--PERSONAL NAME
Personal name Langley, Myrtle.
9 (RLIN) 18545
245 14 - TITLE STATEMENT
Title The Nandi of Kenya :
Remainder of title life crisis rituals in a period of change /
Statement of responsibility, etc by Myrtle S. Langley ; foreword by F. B. Welbourn.
260 ## - PUBLICATION, DISTRIBUTION, ETC. (IMPRINT)
Place of publication, distribution, etc London :
Name of publisher, distributor, etc C. Hurst,
Date of publication, distribution, etc 1979.
300 ## - PHYSICAL DESCRIPTION
Extent xi, 154 p., [5] leaves of plates :
500 ## - GENERAL NOTE
General note Abridgement of the author's thesis, University of Bristol, 1976.
500 ## - GENERAL NOTE
General note Includes index.
504 ## - BIBLIOGRAPHY, ETC. NOTE
Bibliography, etc Bibliography: p. 138-144.
650 #0 - SUBJECT ADDED ENTRY--TOPICAL TERM
Topical term or geographic name as entry element Nandi (African people)
General subdivision Rites and ceremonies.
9 (RLIN) 18546
942 ## - ADDED ENTRY ELEMENTS (KOHA)
Source of classification or shelving scheme Library of Congress Classification
Koha item type Monograph ( Printed materials)
Holdings
Withdrawn status Lost status Source of classification or shelving scheme Damaged status Not for loan Collection code Home library Current library Shelving location Date acquired Total Checkouts Full call number Barcode Date last seen Price effective from Koha item type
    Library of Congress Classification     Main Collection ARRUPE LIBRARY ARRUPE LIBRARY Main Collection 07/08/2015   DT433.545.N34 L36 1979 46500004392 07/12/2017 07/08/2015 Monograph ( Printed materials)

 

Arrupe Library. PO Box MP320 Mt Pleasant, Harare, Zimbabwe
263 242 745411|librarian@aju.ac.zw